|
|
|
|
| LEADER |
00000cam a22000004a 4500 |
| 001 |
musev2_96174 |
| 003 |
MdBmJHUP |
| 005 |
20230905053218.0 |
| 006 |
m o d |
| 007 |
cr||||||||nn|n |
| 008 |
101109s2007 txu o 00 0 eng d |
| 020 |
|
|
|a 9780292784574
|
| 020 |
|
|
|z 0292714890
|
| 020 |
|
|
|z 0292784570
|
| 020 |
|
|
|z 9780292714892
|
| 040 |
|
|
|a MdBmJHUP
|c MdBmJHUP
|
| 245 |
0 |
0 |
|a Collecting the Imagination :
|b The First Fifty Years of the Ransom Center /
|c edited by Megan Barnard ; introduction by Thomas F. Staley.
|
| 250 |
|
|
|a 1st ed.
|
| 264 |
|
1 |
|a Austin :
|b University of Texas Press,
|c 2007.
|
| 264 |
|
3 |
|a Baltimore, Md. :
|b Project MUSE,
|c 0000
|
| 264 |
|
4 |
|c ©2007.
|
| 300 |
|
|
|a 1 online resource:
|b illustrations (some color)
|
| 336 |
|
|
|a text
|b txt
|2 rdacontent
|
| 337 |
|
|
|a computer
|b c
|2 rdamedia
|
| 338 |
|
|
|a online resource
|b cr
|2 rdacarrier
|
| 490 |
0 |
|
|a Harry Ransom Humanities Research Center imprint series
|
| 505 |
0 |
|
|a Beginnings : the Rare Books Collection, 1897-1955 / by John B. Thomas, III -- The birth of an institution : the Humanities Research Center, 1956-1971 / by Cathy Henderson -- Years of consolidation : the Harry Ransom Humanities Research Center, 1972-1988 / by Richard W. Oram -- The expanding mission : the Harry Ransom Humanities Research Center, 1988-present / by Megan Barnard.
|
| 588 |
|
|
|a Description based on print version record.
|
| 610 |
1 |
7 |
|a Austin (Tex.)
|x Harry Ransom Humanities Research Center.
|2 swd
|
| 610 |
2 |
7 |
|a Harry Ransom Humanities Research Center.
|2 fast
|0 (OCoLC)fst00607810
|
| 610 |
2 |
0 |
|a Harry Ransom Humanities Research Center
|x History.
|
| 650 |
1 |
7 |
|a Zeldzame en kostbare boeken.
|2 gtt
|
| 650 |
1 |
7 |
|a Handschriften.
|2 gtt
|
| 650 |
1 |
7 |
|a Harry Ransom Humanities Research Center.
|2 gtt
|
| 650 |
|
7 |
|a Research libraries.
|2 fast
|0 (OCoLC)fst01095327
|
| 650 |
|
7 |
|a LANGUAGE ARTS & DISCIPLINES
|x Library & Information Science
|x Archives & Special Libraries.
|2 bisacsh
|
| 650 |
|
6 |
|a Bibliotheques de recherche
|z Texas
|z Austin
|x Histoire.
|
| 650 |
|
0 |
|a Research libraries
|z Texas
|z Austin
|x History.
|
| 651 |
|
7 |
|a Texas
|z Austin.
|2 fast
|0 (OCoLC)fst01204313
|
| 655 |
|
7 |
|a History.
|2 fast
|0 (OCoLC)fst01411628
|
| 655 |
|
7 |
|a Electronic books.
|2 local
|
| 700 |
1 |
|
|a Barnard, Megan,
|d 1978-
|
| 710 |
2 |
|
|a Project Muse.
|e distributor
|
| 830 |
|
0 |
|a Book collections on Project MUSE.
|
| 856 |
4 |
0 |
|z Texto completo
|u https://projectmuse.uam.elogim.com/book/96174/
|
| 945 |
|
|
|a Project MUSE - Custom Collection
|